Quizzes
Events
Quiz Creation
Community
Videos
Private Events
Remove Ads
Sign In
Join for FREE
Feedback
Dark Mode
Quiz Categories
Sports
Geography
Music
Movies
Television
Just For Fun
Miscellaneous
History
Literature
Language
Science
Gaming
Entertainment
Religion
Holiday
For Kids
Quiz Lab
Recent
Popular Today
Quiz Kudos Today
Editor Picks
Curator Picks
Quizzes by...
Day
Popularity
Type
Ratings
Length
Year
Community
Subscriptions
Recent Discussions
Orange Saloon
Badges
Playlists
Quests
Create
Leaderboards
Showdown
Live 5
Trivia Bingo
Activity
Puzzle Library
Sporcle Events
Private Events
Virtual Trivia
Globe League
Become a Host
Pub Owners
SporcleCon
Opinionation
Our Games
Videos
Blog
Mobile Apps
Partnerships
Remove Ads and Go Orange
Feedback
Music
Pop Music
The Beatles
Song
Album
Lyrics
Bands
Singers
Artist
Clip
Rock
Rap
Classical
Billboard
Country Music
Kpop
Taylor Swift
Music
Pop Music
The Beatles
Song
Album
Lyrics
Bands
Singers
Artist
Clip
Rock
Rap
Classical
Billboard
Country Music
Kpop
Taylor Swift
Random Quiz
Search Sporcle
×
Quiz Lab
Quiz Lab
Music
Classical
Type in answers that appear in a list
Type in answers that appear in a list
Classic
Best Score? Go Orange.
NAQT Musical Works Stats
Can you name the NAQT Musical Works?
By
lezzle
8m
50 Questions
1,137 Plays
1,137 Plays
1,137 Plays
Comments
Comments
Give Quiz Kudos
Give Quiz Kudos
-
- Ratings
hide this ad
More Info
Forced Order
Answers have to be entered in order
Answers have to be entered in order
Random Order
Randomize order of answers
Randomize order of answers
Replay
Link that replays current quiz
Next Quiz
Link to next quiz in quiz playlist
You Got
0%
They Got
Avg Score
57%
Avg Friend Score
Upgrade to see
Score Distribution
Jump to the score distribution portion of the page
Score
0/50
Timer
08:00
0
Plays Today
Work
Composer
% Correct
The Nutcracker
Tchaikovsky
80.1%
Moonlight Sonata
Beethoven
78%
The Magic Flute
Mozart
76.5%
Swan Lake
Tchaikovsky
75.6%
The Four Seasons
Vivaldi
73.9%
The Marriage of Figaro
Mozart
72%
Messiah
Handel
71.5%
Symphony No. 9, 'Choral'
Beethoven
70.6%
Symphony No. 6, 'Pastoral'
Beethoven
67.5%
Symphony No. 3, 'Eroica'
Beethoven
67.1%
Rhapsody in Blue
Gershwin
66.7%
The Planets
Holst
66.1%
West Side Story
Bernstein
64.4%
Don Giovanni
Mozart
64.1%
Aida
Verdi
62.4%
The Ring of the Nibelung
Wagner
61.4%
Symphony No. 41, 'Jupiter'
Mozart
61.2%
Madama Butterfly
Puccini
60.9%
Porgy and Bess
Gershwin
60.3%
Appalachian Spring
Copland
58.6%
Carmen
Bizet
58.1%
William Tell
Rossini
58%
The Rite of Spring
Stravinsky
56.2%
Cats
Lloyd Webber
56.2%
Rigoletto
Verdi
56.1%
Work
Composer
% Correct
The Flying Dutchman
Wagner
56%
Siegfried
Wagner
55.9%
The Phantom of the Opera
Lloyd Webber
55.9%
The Barber of Seville
Rossini
55.4%
La Bohème
Puccini
55.4%
La Traviata
Verdi
54.9%
Symphony No. 9, 'From the New World'
Dvorak
54.5%
Fidelio
Beethoven
54.4%
Symphony No. 94, 'Surprise'
Haydn
53.8%
Peter and the Wolf
Prokofiev
53.3%
Tosca
Puccini
52.6%
Symphony No. 6, 'Pathétique'
Tchaikovsky
52.2%
Lohengrin
Wagner
51.7%
Turandot
Puccini
51.5%
A German Requiem
Brahms
49.5%
Pictures at an Exhibition
Mussorgsky
48.6%
Boléro
Ravel
47.5%
Falstaff
Verdi
44.1%
Boris Godunov
Mussorgsky
41.7%
Symphonie fantastique
Berlioz
41.1%
Enigma Variations
Elgar
39.1%
The Song of the Earth
Mahler
37%
The Mikado
Sullivan
34.8%
Salome
Strauss
34.6%
My Fair Lady
Loewe
31.3%
Quiz Playlist
Details
Report
Send in Message
Add To Playlist
More Info:
Can you name the NAQT musical works?
Classic:
Type in answers that appear in a list
Forced Order:
Answers have to be entered in order
Random Order:
Randomize order of answers
Quiz Source
Last Updated: Feb 16, 2017
Quiz Scoreboard
CHALLENGE
Sign Up to Join the Scoreboard
Show All
Scores
Hide
Comments
May contain spoilers
Recently Published
9x9 Crossword: Cartoon Network
by jackfrog10
Miscellaneous
3m
College Basketball Coaching Resumes
by pancakes188
Sports
9m
Billboard Blitz: Fleetwood Mac
by CooCooCachoo
Music
15s
More to Explore
Quiz From the Vault
Featured Blog Post
Where Did the Easter Bunny Come From?
hide this ad
You Might Also Like...
Tags
Classical Quiz
Composer
Today's Top Quizzes in Music
Browse Music
hide this ad
Today's Top Quizzes in Classical
Browse Classical
Top Contributed Quizzes in Music
1
Taylor Swift All Songs (2024)
2
Guess the Artist- 70s Songs
3
7-to-1: Billboard Hot 100 #1 Hits of 2010s
4
Sorting Albums and Songs
5
Taylor Swift Logic Puzzle
6
KPOP LOGIC QUIZ
7
Guess the Taylor Swift song (Mystery Song)
8
Guess The Taylor Swift Lyrics Song #1
9
Billboard Blitz: ABBA
10
One Thing in Common: Music
Explore More
Trending Topics
Harry Potter
Disney
Crossword
NBA
Anime
Kpop
Marvel
NFL
Song
Soccer
WWE
Pokémon
Country
Puzzle
The Office
hide this ad
More By:
lezzle
Quiz
Plays
Rating
Category
Featured
Created
NAQT Musical Works
1,137
4.33
Music
Mar 29, 2011
NAQT Composers
193
2.00
Music
Jan 14, 2011
Go to Creator's Profile
Score Distribution
Quiz Creator Spotlight
lezzle
Follow
Send a Message
Quizzes Created
-
Created Quiz Play Count
-
More By This Creator
Popular Quizzes Today
1
Find the US States - No Outlines Minefield
2
Find the Countries of Europe - No Outlines Minefield
3
The Countries of the World
4
Find the US States
5
Risky Map Clicking: Biggest States A-Z
6
US States
7
Popular People in 1961
8
Movies - When Are They Set?
More Music Quizzes
The BIG Music Blanket (Albums)
Editor's Pick
Trending Quizzes
Risky Map Clicking: Least Populous States A-Z
1-10 Letter G Words
1-10 Letter F Words
Risky Map Clicking: Next State Alphabetically
Adjectives in 80s TV Shows
Recently Updated
Leaping Animals
pecheneg
Reality TV Shows (A-Z)
bhenderson79
Rickey Henderson's Hall of Fame Teammates
pecheneg
Champions League XIs: Arsenal
pecheneg
Quick Pick: Celebrities in WWE's Hall of Fame
aduchscher
A-Z Keypad Blitz II
pecheneg
Multiple Oscar Actors
pecheneg
Mystery Phrase Blitz: Oscar 'Best Actors'
pecheneg
F. Scott Fitzgerald Novels
LTH
Pick 3 Villains
ddd62291
Trending Topics
Marvel
Crossword
Harry Potter
Anime
Disney
NBA
Kpop
NFL
Song
WWE
Soccer
Country
Puzzle
The Office
Pokémon
Your Account Isn't Verified!
In order to create a playlist on Sporcle, you need to verify the email address you used during registration. Go to your
Sporcle Settings
to finish the process.
Report this User
Report this user for behavior that violates our
Community Guidelines
.
Details:
Send Report
Go to the Sporcle.com Mobile Site →
Comments